<?xml version="1.0" encoding="UTF-8"?>
<record
    xmlns:xsi="http://www.w3.org/2001/XMLSchema-instance"
    xsi:schemaLocation="http://www.loc.gov/MARC21/slim http://www.loc.gov/standards/marcxml/schema/MARC21slim.xsd"
    xmlns="http://www.loc.gov/MARC21/slim">

  <leader>01968cpcaa2200445 a 4500</leader>
  <controlfield tag="001">mm 83061507 </controlfield>
  <controlfield tag="003">DLC</controlfield>
  <controlfield tag="005">20260227111720.0</controlfield>
  <controlfield tag="007">cr |||||||||||</controlfield>
  <controlfield tag="008">831012||||||||||||                 eng  </controlfield>
  <datafield tag="010" ind1=" " ind2=" ">
    <subfield code="a">mm 83061507 </subfield>
  </datafield>
  <datafield tag="040" ind1=" " ind2=" ">
    <subfield code="a">DLC</subfield>
    <subfield code="c">DLC</subfield>
    <subfield code="d">DLC</subfield>
    <subfield code="e">dacs</subfield>
  </datafield>
  <datafield tag="072" ind1=" " ind2="7">
    <subfield code="a">B</subfield>
    <subfield code="2">lcmd</subfield>
  </datafield>
  <datafield tag="100" ind1="1" ind2=" ">
    <subfield code="a">Roberts, Joseph J.</subfield>
    <subfield code="q">(Joseph Jenkins),</subfield>
    <subfield code="d">1809-1876.</subfield>
  </datafield>
  <datafield tag="245" ind1="0" ind2="0">
    <subfield code="a">Joseph J. Roberts family papers,</subfield>
    <subfield code="f">1839-2001.</subfield>
  </datafield>
  <datafield tag="300" ind1=" " ind2=" ">
    <subfield code="a">30</subfield>
    <subfield code="f">items.</subfield>
  </datafield>
  <datafield tag="300" ind1=" " ind2=" ">
    <subfield code="a">1</subfield>
    <subfield code="f">container plus</subfield>
    <subfield code="a">1</subfield>
    <subfield code="f">oversize.</subfield>
  </datafield>
  <datafield tag="300" ind1=" " ind2=" ">
    <subfield code="a">5</subfield>
    <subfield code="f">microfiches.</subfield>
  </datafield>
  <datafield tag="300" ind1=" " ind2=" ">
    <subfield code="a">1</subfield>
    <subfield code="f">microfilm reel.</subfield>
  </datafield>
  <datafield tag="300" ind1=" " ind2=" ">
    <subfield code="a">0.2</subfield>
    <subfield code="f">linear feet.</subfield>
  </datafield>
  <datafield tag="506" ind1="0" ind2=" ">
    <subfield code="a">Open to research.</subfield>
  </datafield>
  <datafield tag="520" ind1="8" ind2=" ">
    <subfield code="a">Correspondence, land grants, ship registrations, wills, genealogical material, photographs, and other papers relating chiefly to land sales by the Liberian government and to acquisition of property in Liberia by the Davis and Roberts families.</subfield>
  </datafield>
  <datafield tag="533" ind1=" " ind2=" ">
    <subfield code="a">In part, handwritten transcripts.</subfield>
    <subfield code="b">[S.l.].</subfield>
  </datafield>
  <datafield tag="533" ind1=" " ind2=" ">
    <subfield code="a">Microfiche of selected land grants, ship registrations, and wills in private hands.</subfield>
    <subfield code="b">[S.l.].</subfield>
  </datafield>
  <datafield tag="533" ind1=" " ind2=" ">
    <subfield code="a">Microfilm of selected correspondence, land grants, and wills in private hands.</subfield>
    <subfield code="b">[S.l.].</subfield>
  </datafield>
  <datafield tag="535" ind1="1" ind2=" ">
    <subfield code="a">Private</subfield>
  </datafield>
  <datafield tag="545" ind1="0" ind2=" ">
    <subfield code="a">President of Liberia.</subfield>
  </datafield>
  <datafield tag="546" ind1=" " ind2=" ">
    <subfield code="a">Collection material in English.</subfield>
  </datafield>
  <datafield tag="555" ind1="8" ind2=" ">
    <subfield code="a">Finding aid available in the Library of Congress Manuscript Reading Room and at</subfield>
    <subfield code="u">http://hdl.loc.gov/loc.mss/eadmss.ms010242</subfield>
  </datafield>
  <datafield tag="600" ind1="3" ind2="0">
    <subfield code="a">Davis family.</subfield>
  </datafield>
  <datafield tag="600" ind1="3" ind2="0">
    <subfield code="a">Roberts family.</subfield>
  </datafield>
  <datafield tag="650" ind1=" " ind2="0">
    <subfield code="a">Land grants</subfield>
    <subfield code="z">Liberia.</subfield>
  </datafield>
  <datafield tag="650" ind1=" " ind2="0">
    <subfield code="a">Real property</subfield>
    <subfield code="z">Liberia.</subfield>
  </datafield>
  <datafield tag="656" ind1=" " ind2="7">
    <subfield code="a">Presidents</subfield>
    <subfield code="z">Liberia.</subfield>
    <subfield code="2">itoamc</subfield>
  </datafield>
  <datafield tag="856" ind1="4" ind2=" ">
    <subfield code="3">Finding aid</subfield>
    <subfield code="u">http://hdl.loc.gov/loc.mss/eadmss.ms010242</subfield>
  </datafield>
  <datafield tag="856" ind1="4" ind2=" ">
    <subfield code="3">Finding aid (PDF)</subfield>
    <subfield code="u">http://hdl.loc.gov/loc.mss/eadmss.ms010242.3</subfield>
  </datafield>
  <datafield tag="999" ind1=" " ind2=" ">
    <subfield code="c">43984</subfield>
    <subfield code="d">43984</subfield>
  </datafield>
</record>
